|
|
|
|
| LEADER |
01473nam a22003492a 4500 |
| 001 |
001720474 |
| 003 |
CZ BrMZK |
| 005 |
20210107113503.0 |
| 007 |
ta |
| 008 |
191204s1979 xr a er|||||||||||cze d |
| 015 |
|
|
|a cnb000398110
|
| 035 |
|
|
|a (OCoLC)40079455
|
| 040 |
|
|
|a ABA001
|b cze
|c ABA001
|d ABA001
|d BOA001
|
| 080 |
9 |
|
|a 796.411.03(437)"1980"
|
| 100 |
1 |
|
|a Honová, Zdena
|4 aut
|
| 245 |
1 |
0 |
|a Skladba pro mladší žákyně :
|b popis cvičení /
|c Zdena Honová, Eva Kočová ; hudba Otmar Mácha ; obr. Draha Horáková ; půdorysy Ivan Kočí
|
| 250 |
|
|
|a 1. vyd.
|
| 260 |
|
|
|a Praha :
|b Olympia,
|c 1979
|e (Ostrava :
|f Metasport)
|
| 300 |
|
|
|a 42 s. :
|b il. ;
|c 4°
|
| 490 |
1 |
|
|a Československá spartakiáda 1980. Hromadná tělovýchovná vystoupení ;
|v č. 3
|
| 550 |
|
|
|a Vydavatel: Ústřední štáb Čs. spartakiády
|
| 700 |
1 |
|
|a Kočová, Eva
|7 jx20071203059
|4 aut
|
| 700 |
1 |
|
|a Mácha, Otmar,
|d 1922-2006
|7 jk01072916
|4 cmp
|
| 700 |
1 |
|
|a Horáková, Draha
|7 jk01042130
|4 ill
|
| 700 |
1 |
|
|a Kočí, Ivan
|4 oth
|
| 700 |
1 |
|
|a Bychl, Miloš
|4 bjd
|
| 710 |
2 |
|
|a Československý svaz tělesné výchovy.
|b Ústřední štáb Československé spartakiády 1980.
|b Odbor hromadných vystoupení
|7 kn20050824002
|
| 830 |
|
0 |
|a Československá spartakiáda 1980.
|p Hromadná tělovýchovná vystoupení
|
| 910 |
|
|
|a BOA001
|b X2-0802.897
|
| 990 |
|
|
|a BK
|
| 991 |
|
|
|b 201912
|
| 996 |
6 |
|
|b 2618855365
|c X2-0802.897
|l MZK
|r Sklad / do 24 hodin
|n 0
|w 001771384
|u 000010
|a 1
|e BOA001
|j MZK50
|s P
|